000 00706cab a2200205 4500
001 WB3106-13
008 090401t1995 xxu||||| |||| 00| 0 eng d
035 _a(Sirsi) u70537
041 _aeng
245 _aValuers closer to sale prices
260 _c1995
350 _a0
490 _aEstates Times
_v(1265) 3 February 1995, 4(1)
520 _aAccording to Drivers Jonas and Investment Property Databank (IPD) in the latest "Variance in valuations" report, valuation accuracy is far from perfect but continues to improve.
650 _aACCURACY
650 _aVALUATIONS
690 _aPROPERTY-COMMERCIAL PROPERTY-COMMERCIAL PROPERTY APPRAISAL AND VALUATION
942 _n0
948 _c04/03/1997
999 _c44373
_d44373